00759nam a2200181 a 4500003000200000005001700002008004100019050002800060100002300088245014200111260009100253300004000344504004200384650003800426650003500464650004600499650003200545020250206143902.0130829s19uu xx 00 eng d aPGS GV 365b.Ag275 2013 aAgoncillo, Angelo. aSports preference and physical fitness practices of grade 6 students of Southville international School and Colleges /cAngelo Agoncillo. aLas Piñas City, Philippines :bSouthville International School and Colleges, c2013. a28 pages :billustrations ;c28 cm. aIncludes bibliographical references.  aSports participation in children. aPhysical fitness for children. aChildren's health and physical education. aPhysical fitness for youth.